000 00335nam a2200121Ia 4500
008 240731s9999 xx 000 0 und d
022 _a1749-6314
245 0 _aEnvironmental Archaeology : The Journal of Human Palaeoecology
260 _bRoutledge
856 _uhttps://www.tandfonline.com/loi/yenv20
942 _2ddc
942 _cTFEJ
999 _c76442
_d76442
945 _a1
_bMadushi Gamage
_c1
_dMadushi Gamage